000 00929pam a2200277 a 4500
001 2013880
003 NUST
005 20220606113539.0
008 910322s1991 enkab b 001 0 eng
010 _a 91012929
020 _a1853671037 :
_c£14.95
038 _aArshad
040 _aDLC
_cDLC
_dDLC
043 _aap-----
_aa-iq---
050 0 0 _aDS79.72
_b.M55 1991
082 0 0 _a956.7043
_bMIL
245 0 0 _aMilitary lessons of the Gulf War /
_cBruce W. Watson ... [et al.]
260 _aLondon :
_bGreenhill Books ;
_aNovato, Ca. :
_bPresidio Press,
_c1991.
300 _a272 p. :
_bill., maps ;
_c23 cm.
504 _aIncludes bibliographical references and index.
650 0 _aPersian Gulf War, 1991.
700 1 _aWatson, Bruce W.
906 _a7
_bcbc
_corignew
_d1
_eocip
_f19
_gy-gencatlg
942 _2ddc
_cBK
999 _c590118
_d590118